| 000 | 00359nam a22001337a 4500 | ||
|---|---|---|---|
| 003 | OSt | ||
| 005 | 20250808112134.0 | ||
| 008 | 230919b |||||||| |||| 00| 0 eng d | ||
| 040 | _cCO-JMCR | ||
| 082 | 0 | 4 |
_aC _bCHRs |
| 100 | 1 | 0 |
_aGroak, Stephen J, _eautor _942916 |
| 245 |
_aChristmas yve : _ba kiwi elfs dream to join santa / _cStephen J Groak |
||
| 942 |
_2ddc _cBK |
||
| 999 |
_c30253 _d16637 |
||